انارکلی : (Record no. 172880)

MARC details
000 -LEADER
fixed length control field 00685nam a22001937a 4500
005 - DATE AND TIME OF LATEST TRANSACTION
control field 20200214122045.0
010 ## - LCCN (DPL NO)
LC control number B-123064
020 ## - INTERNATIONAL STANDARD BOOK NUMBER
Terms of availability 140.00
International Standard Book Number 8182230705
035 ## - SYSTEM CONTROL NUMBER
System control number B-123064
037 ## - SOURCE OF ACQUISITION
Source of stock number/acquisition BPPD/Pub.
082 ## - DEWEY DECIMAL CLASSIFICATION NUMBER
Classification number ک
100 ## - MAIN ENTRY--PERSONAL NAME
Personal name سعادت حسن منٹو
245 ## - TITLE STATEMENT
Title انارکلی :
Remainder of title کولیات منٹو- افسانے، جلد -1 /
Statement of responsibility, etc سعادت حسن منٹو
246 ## - VARYING FORM OF TITLE
Title proper/short title Anarkali: Kulliyat-e-Manto-Afsane, vol.I /
Remainder of title by Saadat Hasan Manto ; edited by Humayun Ashraf
260 ## - PUBLICATION, DISTRIBUTION, ETC. (IMPRINT)
Place of publication, distribution, etc Delhi
Name of publisher, distributor, etc Educational Publishing House
Date of publication, distribution, etc 2005 ء
270 ## - ADDRESS
Address 3108, Vakil Street, Kucha Pandit, Lal Kuan
City Delhi
Postal code 6
300 ## - PHYSICAL DESCRIPTION
Extent 236p.
Dimensions 23cm(Hb)
942 ## - ADDED ENTRY ELEMENTS (KOHA)
Source of classification or shelving scheme Dewey Decimal Classification
Item type Urdu Bks
Classification part ک
Call number suffix م ن ٹ
Holdings
Withdrawn status Lost status Not for loan Collection code Home library Current library Date acquired Source of acquisition Cost, normal purchase price Full call number Barcode Copy number Cost, replacement price Koha item type
      Fiction Central Library Central Library 14/02/2020 BPPD/Ven. 140.00 ک م ن ٹ B-123064 1 140.00 Urdu Bks

© Delhi Public Library
Hit Counter
free hit counter